000
00326nam a2200121Ia 4500
008
211105s9999 xx 000 0 und d
020
_a
VYASA11135
100
_a
Shoun Hino
245
0
_a
Saresvara'S Vartika On Khila Kanda With Half-Verse Index
250
_a
1st
260
_b
Motilal Banarsidass Publishers
_c
\N
300
_a
698
999
_c
11078
_d
11078